Czyj to skill? [League of Legends] - Statystyki

Ogólne statystyki
  • Ten quiz został rozwiązany 3 011 razy
  • Średni wynik to 12 z 21
Statystyki odpowiedzi
Opis Postać % Poprawnych
Poświęca część swojego zdrowia, aby uleczyć sojuszniczego bohatera. [Astralne Natchnienie] Soraka
83%
Sprawia że sojusznik (albo ty) staje się niewrażliwy i po chwili wokół niego zadaje magiczne obrażenia. [Boski Osąd] Kayle
80%
Podwaja swoją szansę na trafienie krytyczne. [Droga Wędrowca] Yasuo
77%
Postać rzuca pociskiem w miejsce, aby go strzegł. W zaroślach zwiększa swoją efektywność. [Rzut Sadzonką] Maokai
75%
Bohater uderza w ziemię tworząc strefę która zadaje obrażenia i po chwili wybucha. [Uderzenie Młotem] Poppy
71%
Otrzymuje prędkość ruchu, poruszając się nieprzerwanie w tym samym kierunku. [Legendarna Kometa] Aurelion Sol
67%
Co kilka sekund następny podstawowy atak zada dodatkowe obszarowe obrażenia. Czas skraca się jeżeli twoje czary trafią przeciwników. [Uderzenie Kolosa] Galio
66%
Leczy i daje krótkotrwałą premię do prędkości ruchu. [Ziuum] Yuumi
66%
Bohater tworzy ścianę, która odrzuca wszystkich wrogów zadając im obrażenia. [Zdobycz Imperatora] Azir
65%
Pocisk zamieniający się w klatkę, która po paru sekundach przyciąga wroga na środek tego obszaru. [Piekielne Łańcuchy] Aatrox
64%
Podstawowe ataki i Q bohatera nakładają ładunki, gdy ich liczba osiągnie 4 cel zostaje ogłuszony. [Wstrząsające Uderzenia] Braum
61%
Zmniejsza obrażenia od ataku przy użyciu, dodatkowo wrogowie odwróceni plecami zostają spowolnieni. [Prześmiewczy Okrzyk] Tryndamere
61%
Tworzy rozpadlinę, która zadaje obrażenia wrogom i ich spowalnia. Po krótkim czasie w miejscu zakończenia rozpadliny powstaje słup magmy. [Wulkaniczna Wyrwa] Ornn
55%
Postać tworzy pocisk - ma ogromy zasięg - przebija się przez stwory, ale zatrzymuje na pierwszym bohaterze. [Zabójczy Rozkwit] Jhin
52%
Postać wyskakuje w powietrze i zyskuje tarczę. Kiedy wyląduje zdaje ogromne obrażenia wrogom i ich unieruchamia. [Skoczny Rozkwit] Neeko
51%
Wystrzeliwuje pocisk, który zadaje obrażenia magiczne i spowalnia. W danym momencie mogą być tylko 2 ładunki. [Elektroharpun] Rumble
47%
Krótki dash dający premię do pancerza. Podstawowe ataki skracają czas odnowienia. [Rozpęd] Graves
44%
Bohater otacza się ogniem, który przyspiesza go i zadaje wokół obrażenia. Podstawowe ataki wydłużają czas działania. [Wypalenie] Shyvana
44%
Postać tworzy tarczę, która dopóki istnieje zwiększa jego prędkość ruchu. [Kryształowy Egzoszkielet] Skarner
41%
Podstawowe ataki zadają dodatkowe obrażenia i unieruchamiają cel. [Powalający Cios] Nautilus
33%
Zadaje obrażenia na niewielki dystans, następnie otrzymuje na krótki czas premię do prędkości ruchu. [Smagnięcie] Evelynn
19%
Nie znaleziono quizów pasujących do podanych kryteriów
Rozkład punktacji
Procent ludzi z każdym wynikiem
Percentyl według liczby udzielonych odpowiedzi
Twoja historia wyników
Nie rozwiązałeś tego quizu